[Event "Hampstead U2200 Feb2014"]
[Site "Hampstead, UK"]
[Date "2014.02.15"]
[Round "3"]
[White "Somton, Anita"]
[Black "Lovell, William Pm"]
[Result "1/2-1/2"]
[WhiteElo "1634"]
[BlackElo "1447"]
[EventType "swiss"]
[EventRounds "5"]

1. d4 f5 2. Nc3 d5 3. Bg5 c6 4. Nf3 Qc7 5. e3 e6 6. Bf4 Qd8 7. Ne5 Nf6 8. Bd3
Be7 9. O-O O-O 10. Re1 Qe8 11. h3 Nbd7 12. Be2 c5 13. Nb5 Qd8 14. dxc5 Nxc5
15. Nd4 Nfe4 16. c3 Bh4 17. Rf1 Bxf2+ 18. Rxf2 Nxf2 19. Kxf2 Qh4+ 20. Kg1 g5
21. Bh2 Ne4 22. Qf1 g4 23. Qf4 {#d} 1/2-1/2

[Event "Hampstead U2200 Feb2014"]
[Site "Hampstead, UK"]
[Date "2014.02.15"]
[Round "3"]
[White "Tomy, Jeff"]
[Black "Wen, Jessica"]
[Result "0-1"]
[WhiteElo "1434"]
[BlackElo "1624"]
[EventType "swiss"]
[EventRounds "5"]

1. d4 e6 2. Nf3 Nf6 3. c4 Bb4+ 4. Bd2 Qe7 5. g3 Nc6 6. Bg2 O-O 7. O-O Bxd2 8.
Qxd2 Ne4 9. Qc2 f5 10. Nbd2 Nf6 11. a3 d6 12. b4 Qf7 13. c5 Bd7 14. Nc4 Ne4
15. Nfd2 Nxd4 16. Qd3 Nxd2 17. Nxd2 dxc5 18. bxc5 Nc6 19. Nc4 Rad8 20. Qb3 Rb8
21. Rfd1 Rfd8 22. Qd3 e5 23. Bxc6 Bxc6 24. Qxd8+ Rxd8 25. Rxd8+ Be8 26. Rb1
Qe7 27. Ra8 Kf7 28. Rxb7 Bc6 29. Raxa7 Bxb7 30. Rxb7 Qxc5 31. Rb4 Qd4 32. Ne3
Qa1+ 33. Kg2 Qxa3 34. Rb7 Qa8 35. Nxf5 Qxb7+ 36. f3 Kf6 37. Ne3 c5 38. Ng4+
Ke6 39. Ne3 Qb3 40. Kf2 c4 41. Ng2 c3 42. Ne1 c2 43. Nd3 Qb6+ 44. Ke1 Qe3 {#R}
0-1

[Event "Hampstead U2200 Feb2014"]
[Site "Hampstead, UK"]
[Date "2014.02.15"]
[Round "3"]
[White "Mondal, Simona"]
[Black "Ritchie, Paul"]
[Result "1-0"]
[WhiteElo "1416"]
[BlackElo "1578"]
[EventType "swiss"]
[EventRounds "5"]

1. e4 c5 2. Nf3 d6 3. d4 cxd4 4. Nxd4 Nf6 5. Nc3 Nc6 6. Be3 Ng4 7. Qd2 Qb6 8.
Nxc6 Nxe3 9. fxe3 bxc6 10. Qd4 c5 11. Bb5+ Bd7 12. Bxd7+ Kxd7 13. Qa4+ Kd8 14.
Qb3 Qxb3 15. axb3 g6 16. O-O Ke8 17. Nd5 Rc8 18. Rxa7 f6 19. Rfa1 Kf7 20. Rc7
Re8 21. Ra6 Ke6 22. Rxc5 Ke5 23. Rc4 Bh6 24. Ra5 Rd8 25. Nxe7+ Ke6 26. Nd5 Bg5
27. b4 h5 28. b5 f5 29. Nf4+ Kf6 30. g3 Rhe8 31. h4 Bh6 32. Nd5+ Kf7 33. Ra7+
Kf8 34. Raa4 Bg7 35. c3 Re5 36. Kg2 Rb8 37. b6 fxe4 38. Ra5 Rxb6 39. Ra8+ Kf7
40. Nxb6 Rb5 41. Rb4 Rf5 42. Rxe4 d5 43. Rf4 Rxf4 44. gxf4 Bf6 45. Kg3 {#r}
1-0

[Event "Hampstead U2200 Feb2014"]
[Site "Hampstead, UK"]
[Date "2014.02.15"]
[Round "3"]
[White "Xu, David"]
[Black "Sawhney, Anisha"]
[Result "1-0"]
[WhiteElo "1550"]
[BlackElo "1426"]
[EventType "swiss"]
[EventRounds "5"]

1. Nf3 d5 2. g3 Nc6 3. Bg2 Nf6 4. d4 Bg4 5. Nbd2 e6 6. b3 Bb4 7. Bb2 O-O 8.
O-O Bxd2 9. Qxd2 Ne4 10. Qd1 Qf6 11. Ne5 Nxe5 12. dxe5 Qg5 13. Bd4 c5 14. h4
Qh5 15. f3 Nxg3 16. fxg4 Qxg4 17. Bxc5 Rfc8 18. Bf3 Nxe2+ 19. Kf2 Qxh4+ 20.
Kxe2 Rxc5 21. Re1 Qh2+ 22. Kd3 Rac8 23. Qd2 Qg3 24. Rf1 Qxe5 25. Qc1 Rc3+ 26.
Kd2 Qf4+ 27. Kd1 Qd4+ 28. Qd2 Rd3 29. Qxd3 Qxa1+ 30. Kd2 Qxa2 31. Rc1 Rd8 32.
Rh1 h6 33. Rg1 e5 34. Qc3 d4 35. Qc7 Re8 36. Bd5 Rf8 37. Rf1 Kh7 38. Qc5 Re8
39. Rxf7 Kg6 40. Qd6+ Kh5 41. Bf3+ Kg5 42. Rxg7+ Kf5 43. Rf7+ Kg5 44. Qf6# 1-0

[Event "Hampstead U2200 Feb2014"]
[Site "Hampstead, UK"]
[Date "2014.02.16"]
[Round "4"]
[White "Niccoli, Tony"]
[Black "Jaunooby, Ali R"]
[Result "0-1"]
[WhiteElo "2066"]
[BlackElo "2149"]
[EventType "swiss"]
[EventRounds "5"]

1. e4 c5 2. Nc3 Nc6 3. f4 g6 4. Nf3 Bg7 5. Bb5 Nd4 6. O-O Nxb5 7. Nxb5 d6 8.
d3 Nf6 9. Qe1 h6 10. Nc3 Be6 11. Rb1 Qc7 12. Bd2 a6 13. Nh4 Bd7 14. h3 e6 15.
Qe2 Nh5 16. Kh2 O-O-O 17. g4 Nf6 18. Nf3 g5 19. fxg5 hxg5 20. Nxg5 d5+ 21. e5
Qxe5+ 22. Qxe5 Nxg4+ 23. Kg2 Nxe5 24. Nxf7 Nxf7 25. Rxf7 Rdg8 26. Kh2 Be5+ 27.
Bf4 Bxc3 28. bxc3 e5 29. Rxd7 Kxd7 30. Bxe5 Rh5 31. Rxb7+ Kc6 32. Rc7+ Kb6 33.
Re7 Rhg5 34. h4 Rg2+ 35. Kh3 Rxc2 36. Rd7 Rxa2 37. Rxd5 Ra1 38. d4 Rh1+ 39.
Bh2 c4 40. Rd6+ Kb5 41. Rd5+ Ka4 42. Rc5 Kb3 43. d5 Kxc3 44. d6 Kb4 45. Rc6
Rd1 46. h5 Rd3+ 47. Kh4 Rd4+ 48. Kh3 Rg5 49. Rb6+ Kc5 50. Rxa6 Rxh5+ 51. Kg3
Rd3+ 52. Kg2 Rd2+ {#R} 0-1

[Event "Hampstead U2200 Feb2014"]
[Site "Hampstead, UK"]
[Date "2014.02.16"]
[Round "4"]
[White "Prior, Stephen CV"]
[Black "Villiers, Thomas"]
[Result "0-1"]
[WhiteElo "2022"]
[BlackElo "2084"]
[EventType "swiss"]
[EventRounds "5"]

1. e4 c6 2. d4 d5 3. e5 Bf5 4. Nf3 e6 5. Be2 Nd7 6. O-O Bg6 7. b3 Nh6 8. Bb2
Nf5 9. Nbd2 Be7 10. c4 f6 11. Re1 fxe5 12. cxd5 cxd5 13. Bb5 Bh5 14. Rxe5 a6
15. Bxd7+ Qxd7 16. Qe1 O-O 17. Rxe6 Bb4 18. a3 Bxf3 19. axb4 Rae8 20. Re5 Bh5
21. h3 Nd6 22. Qf1 Qf7 23. Rae1 Bg6 24. Nf3 Ne4 25. Rxe8 Rxe8 26. Ne5 Qf6 27.
Qe2 Nd6 28. f3 Qf4 29. Qe3 Qg3 30. Qf2 Qg5 31. Kh2 Rc8 32. f4 Qf5 33. Re2 Ne4
34. Qe3 Rf8 35. g3 Be8 36. Bc1 Bb5 37. Rg2 Bf1 38. g4 Qc8 39. Rb2 Qc7 40. Bd2
Qd6 41. Rb1 Bb5 42. Rc1 Qf6 43. Rc7 Qb6 44. Rc1 Qd8 45. f5 Qh4 46. Rc7 Bf1 47.
Be1 Qf6 48. Qf4 Qb6 49. Nd7 Qxd4 50. Qxf1 Re8 51. Qe2 Nd6 52. Qf2 Qd1 53. f6
Nf7 54. fxg7 Re2 55. Rc8+ Kxg7 56. Bc3+ Kh6 57. Kg3 Rxf2 58. Kxf2 Qc2+ 59. Ke1
Qe4+ 60. Kd1 Kg5 61. Rf8 Qe6 62. Nc5 Qe7 63. Rb8 Nd6 64. Rf8 Ne4 65. Rf5+ Kh4
66. Rh5+ Kg3 67. Be5+ Kg2 68. Nd3 Nf2+ 69. Nxf2 Kxf2 70. Bc3 Qe2+ 71. Kc1 Qe3+
72. Kc2 d4 73. Bd2 Qe4+ 74. Kc1 Ke2 75. Rc5 Qh1+ {#R} 0-1

[Event "Hampstead U2200 Feb2014"]
[Site "Hampstead, UK"]
[Date "2014.02.16"]
[Round "4"]
[White "Hayward, Alan"]
[Black "Keohane, Ben"]
[Result "0-1"]
[WhiteElo "1952"]
[BlackElo "2090"]
[EventType "swiss"]
[EventRounds "5"]

1. e4 Nc6 2. Nf3 g6 3. d4 Bg7 4. Nc3 b6 5. Bc4 e6 6. Bg5 Nge7 7. e5 h6 8. Bh4
g5 9. Bg3 Nf5 10. Ne2 g4 11. Nd2 Bb7 12. Bd3 h5 13. Bxf5 exf5 14. Nc4 h4 15.
Bf4 Ne7 16. Ne3 h3 17. Rg1 hxg2 18. Nxg2 Ng6 19. Qd2 Nxf4 20. Qxf4 Rh5 21. Ne3
Bh6 22. Nxg4 fxg4 23. Qg3 Qg5 24. Qxg4 Qd2+ 25. Kf1 Rxh2 26. Qg8+ Bf8 27. Qg3
Rh8 28. e6 O-O-O 29. exf7 Bd6 30. Qg7 Bd5 31. b3 Rhf8 32. c4 Rxf7 33. Qg4
Rxf2+ {#R} 0-1

[Event "Hampstead U2200 Feb2014"]
[Site "Hampstead, UK"]
[Date "2014.02.16"]
[Round "4"]
[White "Bonafont, Philip R"]
[Black "Pride, Stephen C"]
[Result "1-0"]
[WhiteElo "2047"]
[BlackElo "1792"]
[EventType "swiss"]
[EventRounds "5"]

1. d4 c5 2. d5 e5 3. c4 d6 4. e4 Be7 5. Nc3 Bg5 6. g3 Bxc1 7. Rxc1 Nh6 8. Bg2
O-O 9. Nge2 f5 10. exf5 Bxf5 11. O-O Nd7 12. Ne4 Nf6 13. N2c3 Nxe4 14. Nxe4
Bxe4 15. Bxe4 Nf5 16. Qd3 g6 17. b4 b6 18. bxc5 bxc5 19. Rb1 Qc7 20. h4 Nd4
21. Kg2 Rab8 22. Qd2 Qf7 23. Qe3 Qe7 24. Rh1 Rxb1 25. Rxb1 Kh8 26. Rb2 Kg8 27.
Qd3 Kh8 28. Qa3 Rc8 29. Qa6 Rc7 30. Rb8+ Kg7 31. Qa4 Qd7 32. Qa6 Qe7 33. Rb1
Qd7 34. Qa5 Qe7 35. h5 g5 36. h6+ Kf6 37. Rb8 Nf5 38. Bxf5 Kxf5 39. Rg8 Rd7
40. f3 Kf6 41. Qd2 Kf5 42. g4+ {#r} 1-0

[Event "Hampstead U2200 Feb2014"]
[Site "Hampstead, UK"]
[Date "2014.02.16"]
[Round "4"]
[White "Harari, Zaki"]
[Black "Figueroa, Edison"]
[Result "1-0"]
[WhiteElo "2084"]
[BlackElo "1786"]
[EventType "swiss"]
[EventRounds "5"]

1. e4 e6 2. d4 d5 3. Nc3 Bb4 4. a3 Bxc3+ 5. bxc3 dxe4 6. Qg4 Nf6 7. Qxg7 Rg8
8. Qh6 c5 9. Ne2 Nbd7 10. g3 Qa5 11. Qd2 c4 12. Bg2 b6 13. O-O Bb7 14. a4
O-O-O 15. Ba3 Qh5 16. Nf4 Qg5 17. Qe2 Bd5 18. Rfb1 a5 19. Bc1 Qf5 20. Rb5 Qg4
21. Qf1 h5 22. Nxd5 Nxd5 23. Qxc4+ Kb7 24. Rxd5 exd5 25. Qxd5+ Ka7 26. Bf4 f5
27. Rb1 Nc5 28. Qc4 Rg7 29. dxc5 Rd1+ 30. Rxd1 Qxd1+ 31. Bf1 Qf3 32. Qa6# 1-0

[Event "Hampstead U2200 Feb2014"]
[Site "Hampstead, UK"]
[Date "2014.02.16"]
[Round "4"]
[White "Salem, Ihab"]
[Black "Brozel, Sacha"]
[Result "1-0"]
[WhiteElo "2073"]
[BlackElo "1726"]
[EventType "swiss"]
[EventRounds "5"]

1. e4 c5 2. Nf3 e6 3. d3 g6 4. g3 Nc6 5. Bg2 Bg7 6. O-O Nge7 7. Re1 d5 8. e5
Qc7 9. Qe2 O-O 10. Bf4 Qb6 11. c3 f6 12. exf6 Bxf6 13. Na3 Bd7 14. Rab1 Rae8
15. Bh6 Bg7 16. Bxg7 Kxg7 17. Ne5 Nxe5 18. Qxe5+ Kg8 19. Bh3 Nc6 20. Qd6 Nb8
21. Qxb6 axb6 22. b4 Rf3 23. bxc5 Rxd3 24. Re3 Rd2 25. Rxb6 Rxa2 26. Nb5 Rb2
27. Nc7 Rxb6 28. cxb6 Rf8 29. Bxe6+ Bxe6 30. Rxe6 Rd8 31. Nxd5 Na6 32. c4 Nc5
33. Re7 Rd7 34. Nf6+ Kf8 35. Rxd7 Nxd7 36. Nxd7+ Ke7 37. Nc5 Kd6 38. Nxb7+ Kc6
39. Nd8+ Kxb6 40. Ne6 h6 41. f4 Kc6 42. g4 Kd6 43. Nf8 Kc5 44. Nxg6 Kxc4 45.
Kf2 Kd4 46. Kf3 Kd5 47. f5 Kd6 48. Kf4 h5 49. gxh5 Kd7 50. Ke5 Kc6 51. h6 Kc5
52. h7 Kc4 53. h8=Q Kc5 54. Qc8+ Kb4 55. Kd4 Ka5 56. Qc5+ Ka4 57. Qb6 Ka3 58.
Kc3 Ka4 59. Qb4# 1-0

[Event "Hampstead U2200 Feb2014"]
[Site "Hampstead, UK"]
[Date "2014.02.16"]
[Round "4"]
[White "Joslin, Tim"]
[Black "Hudson, Julian"]
[Result "1/2-1/2"]
[WhiteElo "1855"]
[BlackElo "1965"]
[EventType "swiss"]
[EventRounds "5"]

1. e4 Nc6 2. Nf3 d5 3. exd5 Qxd5 4. Nc3 Qa5 5. Bc4 Nf6 6. O-O Bg4 7. h3 Bh5 8.
Re1 O-O-O 9. d3 Qf5 10. Qe2 Bxf3 11. Qxf3 Qxf3 12. gxf3 Nd4 13. Rf1 Nxc2 14.
Rb1 e6 15. Bf4 Nd4 16. Kg2 a6 17. a4 Bb4 18. Ne4 Nd5 19. Be5 Nb6 20. Rfc1 Nc6
21. Bg3 Nxc4 22. dxc4 Rd7 23. Rd1 Rhd8 24. Rxd7 Rxd7 25. Rc1 h6 26. Bf4 Rd3
27. Be3 Nd4 28. Ng3 Nb3 29. Rc2 Rd1 30. Nh5 g6 31. Nf6 h5 32. c5 a5 33. c6 Be7
34. cxb7+ Kxb7 35. Ne4 Nd4 36. Rc4 e5 37. Nc3 Rd3 38. f4 Nf5 39. fxe5 Nxe3+
40. fxe3 Rxe3 41. Nd5 Rxe5 42. Rxc7+ Kb8 43. Rxe7 Rxd5 44. Rxf7 Rd2+ 45. Rf2
{#d} 1/2-1/2

[Event "Hampstead U2200 Feb2014"]
[Site "Hampstead, UK"]
[Date "2014.02.16"]
[Round "4"]
[White "Mondal, Prince"]
[Black "Pattni, Kishan"]
[Result "1/2-1/2"]
[WhiteElo "1923"]
[BlackElo "1715"]
[EventType "swiss"]
[EventRounds "5"]

1. e4 e6 2. d4 d5 3. Nc3 Bb4 4. e5 c5 5. a3 cxd4 6. Qxd4 Ba5 7. Bd2 a6 8. Qg4
Kf8 9. f4 Nh6 10. Qh3 Nf5 11. O-O-O Bd7 12. Bd3 Ne7 13. Nf3 Nbc6 14. Qh5 h6
15. g4 Kg8 16. f5 Qe8 17. f6 g6 18. Qh4 Nc8 19. Bxh6 b5 20. Qg5 b4 21. axb4
Nxb4 22. Bxg6 fxg6 23. Nh4 Qf7 24. Nxg6 Kh7 25. Nf4 Nb6 26. Qh4 Kg8 27. Qg5+
Kh7 28. Bg7 Kg8 29. Ng6 Rh3 30. Ne2 Rc8 31. Nef4 Rxc2+ 32. Kb1 Rxb2+ 33. Kxb2
Nc4+ 34. Kb1 Rb3+ 35. Kc1 Rc3+ 36. Kb1 Na3+ 37. Ka1 Nbc2+ 38. Ka2 Nb4+ 39. Ka1
Nbc2+ 40. Ka2 Nb4+ 41. Ka1 {#d} 1/2-1/2

[Event "Hampstead U2200 Feb2014"]
[Site "Hampstead, UK"]
[Date "2014.02.16"]
[Round "4"]
[White "Rubinson, Adam"]
[Black "Liang, Jake Z"]
[Result "1-0"]
[WhiteElo "1770"]
[BlackElo "1898"]
[EventType "swiss"]
[EventRounds "5"]

1. d4 Nf6 2. c4 g6 3. g3 Bg7 4. Bg2 O-O 5. Nf3 d6 6. Nc3 Nbd7 7. e4 e5 8. O-O
a6 9. Re1 Re8 10. d5 Ng4 11. h3 Nh6 12. Be3 f5 13. Nd2 g5 14. exf5 Nxf5 15.
Qh5 h6 16. Rac1 Nf6 17. Qg6 Rf8 18. Nde4 Bd7 19. c5 Kh8 20. cxd6 cxd6 21. Nxf6
Rxf6 22. Qh5 Nxe3 23. Rxe3 Bf5 24. Ne4 Bxe4 25. Bxe4 Qa5 26. Rec3 Raf8 27.
R1c2 Qb4 28. f3 Kg8 29. Kg2 Qa5 30. a3 Qb6 31. h4 gxh4 32. Qxh4 Qd4 33. Qg4
Qb6 34. Rc7 R8f7 35. Rc8+ Rf8 36. R8c7 R8f7 37. Rxf7 Kxf7 38. Qd7+ Kg8 39.
Rc8+ Rf8 40. Qe6+ Kh8 41. Qg6 {#r} 1-0

[Event "Hampstead U2200 Feb2014"]
[Site "Hampstead, UK"]
[Date "2014.02.16"]
[Round "4"]
[White "Landau, Jonathan"]
[Black "Oliveri, Claudio"]
[Result "1-0"]
[WhiteElo "1886"]
[BlackElo "1661"]
[EventType "swiss"]
[EventRounds "5"]

1. e4 c5 2. Nc3 e6 3. f4 d5 4. Nf3 dxe4 5. Nxe4 Nf6 6. Nxf6+ Qxf6 7. g3 b6 8.
Bg2 Bb7 9. O-O Be7 10. d3 O-O 11. Rb1 Na6 12. b3 Qh6 13. h3 f5 14. Bb2 Nb4 15.
c3 Nd5 16. Qe2 Rad8 17. Rbe1 Bc8 18. Ne5 Rd6 19. c4 Nc7 20. d4 Na6 21. d5 Bb7
22. Nd3 Bf6 23. Be5 Rfd8 24. Bxd6 Rxd6 25. dxe6 Bd4+ 26. Kh2 Bxg2 27. Qxg2 Nc7
28. e7 Ne8 29. Qa8 Qg6 30. Ne5 Bxe5 31. Rxe5 Rd2+ 32. Kh1 Kf7 33. Qc8 Rxa2 34.
Rxf5+ {#r} 1-0

[Event "Hampstead U2200 Feb2014"]
[Site "Hampstead, UK"]
[Date "2014.02.16"]
[Round "4"]
[White "Cork, David J"]
[Black "Barasi, Paul DI"]
[Result "1-0"]
[WhiteElo "1763"]
[BlackElo "1880"]
[EventType "swiss"]
[EventRounds "5"]

1. e4 c5 2. Nf3 a6 3. d4 cxd4 4. Nxd4 Nf6 5. Nc3 e5 6. Nf3 Bb4 7. Bd3 d5 8.
Nd2 d4 9. Ne2 Ng4 10. Ng3 Qh4 11. a3 Bxd2+ 12. Bxd2 O-O 13. Qe2 Nc6 14. O-O-O
g6 15. Rdf1 b5 16. f4 Rb8 17. fxe5 Ngxe5 18. Rf4 Bg4 19. Qf2 Nxd3+ 20. cxd3
Ne5 21. Qxd4 Qe7 22. Bc3 Rbc8 23. Kb1 Rxc3 24. Qxc3 Rc8 25. Qd2 Rd8 26. d4 Nc4
27. Qb4 Qg5 28. Rhf1 Rxd4 29. Ka1 Be6 30. Ne2 Rd2 31. Nc1 Qxg2 32. Qe7 Ne5 33.
Qf6 Ng4 34. Qc3 Rc2 35. Qd4 Rc8 36. Na2 Qc2 37. Nc3 Qb3 38. Nd5 Re8 39. Rxg4
Qh3 40. Nf6+ Kf8 41. Qb4+ Re7 42. Rff4 a5 43. Qxb5 Kg7 44. Qe5 Kf8 45. Nd5
Bxd5 46. Qh8# 1-0

[Event "Hampstead U2200 Feb2014"]
[Site "Hampstead, UK"]
[Date "2014.02.16"]
[Round "4"]
[White "Kamath, Raghu"]
[Black "Sutton, Daniel"]
[Result "1-0"]
[WhiteElo "1962"]
[BlackElo "1724"]
[EventType "swiss"]
[EventRounds "5"]

1. e4 e5 2. Nf3 Nc6 3. Bc4 Bc5 4. b4 Bxb4 5. c3 Ba5 6. d4 exd4 7. O-O d6 8.
Qb3 Qe7 9. Ba3 Bb6 10. cxd4 Nxd4 11. Nxd4 Bxd4 12. Nc3 Qf6 13. Nd5 Qd8 14.
Rad1 Bf6 15. Nxf6+ Qxf6 16. Bxd6 Qd8 17. Bxf7+ Kd7 18. Qb5+ {#r} 1-0

[Event "Hampstead U2200 Feb2014"]
[Site "Hampstead, UK"]
[Date "2014.02.16"]
[Round "4"]
[White "Bryant, Jonathan M"]
[Black "Pepe, Salvatore"]
[Result "1-0"]
[WhiteElo "1939"]
[BlackElo "1703"]
[EventType "swiss"]
[EventRounds "5"]

1. Nf3 g6 2. d4 Bg7 3. c4 d6 4. g3 c5 5. Bg2 Qc7 6. d5 e5 7. Nc3 a6 8. O-O h6
9. e4 Ne7 10. Qc2 O-O 11. Ne1 f5 12. Nd3 g5 13. f4 exf4 14. gxf4 Bd4+ 15. Kh1
fxe4 16. Nxe4 g4 17. Bd2 Nf5 18. Rae1 Nd7 19. Bc3 Nb6 20. b3 Bd7 21. Qe2 Bxc3
22. Nxc3 Nd4 23. Qf2 Bf5 24. Be4 Qf7 25. Qh4 Qf6 26. Qxf6 Rxf6 27. Bxf5 Nxf5
28. Ne4 Rf7 29. Rg1 h5 30. h3 Nd4 31. Re3 Nf5 32. Ree1 Nd4 33. Ng5 Rg7 34.
hxg4 Rxg5 35. fxg5 Nf3 36. gxh5 Nxe1 37. Rxe1 Rf8 38. Re6 Nc8 39. Kg2 b5 40.
Kg3 bxc4 41. bxc4 Ne7 {#r} 1-0

[Event "Hampstead U2200 Feb2014"]
[Site "Hampstead, UK"]
[Date "2014.02.16"]
[Round "4"]
[White "Ai, Farshad"]
[Black "Sonnis, Steve"]
[Result "1-0"]
[WhiteElo "1935"]
[BlackElo "1702"]
[EventType "swiss"]
[EventRounds "5"]

1. c4 Nf6 2. g3 e5 3. Bg2 d5 4. cxd5 Nxd5 5. Nf3 Bd6 6. O-O c6 7. d3 O-O 8.
Nbd2 Nd7 9. Nc4 Qc7 10. Nxd6 Qxd6 11. b3 Re8 12. Bb2 f6 13. Rc1 Nf8 14. a3 Bd7
15. Re1 Rac8 16. Nd2 Qb8 17. b4 Ne7 18. d4 Nfg6 19. dxe5 Nxe5 20. Qb3+ Kh8 21.
f4 N5g6 22. e4 Ng8 23. Nf3 Be6 24. Qe3 Bf7 25. e5 Rcd8 26. Qf2 fxe5 27. Nxe5
Nxe5 28. Bxe5 Qc8 29. Qb2 Qg4 30. Bf3 Qg6 31. Bh5 Qh6 32. Bxf7 {#r} 1-0

[Event "Hampstead U2200 Feb2014"]
[Site "Hampstead, UK"]
[Date "2014.02.16"]
[Round "4"]
[White "Michow, Jordan"]
[Black "Cossins, Neil"]
[Result "0-1"]
[WhiteElo "1330"]
[BlackElo "1834"]
[EventType "swiss"]
[EventRounds "5"]

1. e4 d5 2. exd5 Nf6 3. c4 e6 4. Qe2 c5 5. Nc3 Bd6 6. d3 O-O 7. dxe6 Bxe6 8.
h3 Re8 9. Be3 Nc6 10. Nf3 a6 11. O-O-O Bf5 12. Qc2 Nd4 13. Bxd4 cxd4 14. Nxd4
Bf4+ 15. Kb1 Qxd4 16. g4 Bg6 17. Bg2 Rab8 18. Bf3 b5 19. Ne2 Rxe2 20. Qxe2
bxc4 21. g5 Nd5 22. Bxd5 Qxd5 23. Rhe1 Bxd3+ 24. Rxd3 Qxd3+ 25. Qxd3 cxd3 26.
Re4 Rc8 27. b3 d2 28. Rd4 Rc1+ {#R} 0-1

[Event "Hampstead U2200 Feb2014"]
[Site "Hampstead, UK"]
[Date "2014.02.16"]
[Round "4"]
[White "Gribben, Chris"]
[Black "O'Gorman, Brendan"]
[Result "0-1"]
[WhiteElo "1546"]
[BlackElo "1833"]
[EventType "swiss"]
[EventRounds "5"]

1. e4 c5 2. Nf3 g6 3. d3 Bg7 4. Nbd2 Nc6 5. g3 d6 6. Bg2 e5 7. O-O Nge7 8. c3
O-O 9. Nc4 b5 10. Ne3 Rb8 11. Bd2 h6 12. a3 Be6 13. Qc1 Na5 14. Qe1 Nb3 15.
Rb1 Qd7 16. Bc1 Rfc8 17. Nd2 Nxc1 18. Qxc1 h5 19. h4 Bh6 20. Qe1 a5 21. b4
axb4 22. axb4 cxb4 23. cxb4 Nc6 24. Nf3 Ra8 25. Ng5 Nd4 26. Nxe6 Qxe6 27. Nd5
Ra2 28. Ra1 Nc2 29. Rxa2 Nxe1 30. Rxe1 Kg7 31. f3 Rc1 32. Rxc1 Bxc1 33. Rc2
Bh6 34. Kh2 g5 35. hxg5 Bxg5 36. Bh3 Qh6 37. Rc7 h4 38. g4 Bf4+ 39. Kg2 Bg3
40. Rc2 Qg5 41. Kf1 Qd8 42. Ne3 Bf4 43. Nf5+ Kh7 44. Kg2 d5 45. Re2 dxe4 46.
dxe4 Qd1 47. Rf2 Qe1 48. Rf1 Qxb4 49. Nxh4 Qd2+ 50. Rf2 Qe1 51. Nf5 b4 52. Rf1
Qe2+ 53. Rf2 Qd3 54. Ne7 b3 55. Nd5 Qd4 {#R} 0-1

[Event "Hampstead U2200 Feb2014"]
[Site "Hampstead, UK"]
[Date "2014.02.16"]
[Round "4"]
[White "Macreamoinn, Brian"]
[Black "Wen, Jackson"]
[Result "1-0"]
[WhiteElo "1807"]
[BlackElo "1701"]
[EventType "swiss"]
[EventRounds "5"]

1. d4 b6 2. c4 Bb7 3. Nc3 e6 4. e4 Bb4 5. f3 Ne7 6. Nh3 d5 7. Nf2 Nbc6 8. a3
Bxc3+ 9. bxc3 Qd7 10. a4 O-O 11. h4 Na5 12. cxd5 exd5 13. h5 h6 14. g4 dxe4
15. fxe4 Qe6 16. Bd3 f5 17. gxf5 Nxf5 18. Qg4 Nxd4 19. cxd4 Qf6 20. Be3 Kh8
21. O-O Nb3 22. e5 Qf7 23. Rab1 Bf3 24. Qg6 Qxg6+ 25. Bxg6 Bd5 26. Be4 Bxe4
27. Nxe4 Na5 28. Rbc1 Rxf1+ 29. Kxf1 Rf8+ 30. Ke2 Rf7 31. Kd3 Re7 32. Bf4 Kh7
33. Rg1 a6 34. Rg6 Nb7 35. Bxh6 Nd8 36. Bxg7 Ne6 37. Nf6# 1-0

[Event "Hampstead U2200 Feb2014"]
[Site "Hampstead, UK"]
[Date "2014.02.16"]
[Round "4"]
[White "Wen, Jessica"]
[Black "Bedi, Adam"]
[Result "0-1"]
[WhiteElo "1624"]
[BlackElo "1933"]
[EventType "swiss"]
[EventRounds "5"]

1. e4 d5 2. exd5 Qxd5 3. Nc3 Qd6 4. d4 g6 5. Be3 Bg7 6. h3 Nf6 7. Nf3 O-O 8.
Bc4 b6 9. Qd2 c6 10. O-O Ba6 11. Bxa6 Nxa6 12. a3 Nd5 13. Nxd5 cxd5 14. Bh6
Rac8 15. Rfe1 Nb8 16. b3 e6 17. a4 Nd7 18. Bf4 Qc6 19. Rac1 Nf6 20. Ne5 Qb7
21. f3 a6 22. c4 Rfd8 23. Red1 Nd7 24. Qe3 Nxe5 25. dxe5 Bf8 26. Bg5 Bc5 27.
Rd4 Rd7 28. Bf6 dxc4 29. Qh6 Bf8 30. Rxd7 Qxd7 31. Qe3 Bc5 {#R} 0-1

[Event "Hampstead U2200 Feb2014"]
[Site "Hampstead, UK"]
[Date "2014.02.16"]
[Round "4"]
[White "Zhao, Haolin"]
[Black "Millward, David J"]
[Result "0-1"]
[WhiteElo "1316"]
[BlackElo "1922"]
[EventType "swiss"]
[EventRounds "5"]

1. e4 e5 2. Nf3 Nc6 3. Bb5 a6 4. Bxc6 dxc6 5. O-O Bg4 6. h3 Bxf3 7. Qxf3 Qf6
8. Qxf6 Nxf6 9. Nc3 O-O-O 10. d3 h6 11. Be3 g5 12. Rfd1 Bg7 13. d4 Nd7 14.
dxe5 Nxe5 15. Kf1 Nc4 16. Bc1 Bxc3 17. Rxd8+ Rxd8 18. bxc3 Rd1+ 19. Ke2 Rg1
20. g3 Rh1 21. a4 b5 22. axb5 cxb5 23. Bb2 Rxh3 24. Ba3 Nxa3 25. Rxa3 Kb7 26.
Ra1 h5 27. Kf3 Rh2 28. Rb1 g4+ 29. Ke3 h4 30. gxh4 Rxh4 31. c4 c6 32. cxb5
cxb5 33. c4 Kb6 34. cxb5 axb5 35. Kf4 g3+ 36. Kxg3 Rxe4 37. Kf3 Re7 38. Kf4
Kc5 39. Kf5 b4 40. f4 Rb7 41. Kf6 Kc4 42. f5 b3 43. Rc1+ Kd3 44. Rh1 b2 45.
Rd1+ Kc2 46. Rh1 b1=Q 47. Rxb1 Kxb1 48. Ke5 Kc2 49. Kf6 Kd3 50. Ke5 Ke3 51.
Kf6 Kf4 52. Kg7 Kxf5 53. Kf8 f6 54. Kg8 Kg6 55. Kf8 f5 56. Ke8 f4 57. Kd8 f3
58. Kc8 Rh7 59. Kb8 f2 {#R} 0-1

[Event "Hampstead U2200 Feb2014"]
[Site "Hampstead, UK"]
[Date "2014.02.16"]
[Round "4"]
[White "Sagues, Vincent"]
[Black "Sharkey, Brian"]
[Result "1-0"]
[WhiteElo "1908"]
[BlackElo "1641"]
[EventType "swiss"]
[EventRounds "5"]

1. e4 d6 2. d4 Nf6 3. Nc3 g6 4. Nf3 Bg7 5. Be2 O-O 6. O-O Bg4 7. Be3 Nbd7 8.
h3 Bxf3 9. Bxf3 c6 10. a4 Nb6 11. Be2 a5 12. f4 Qc7 13. Bd3 e6 14. Qf3 d5 15.
e5 Nfd7 16. Ne2 Nc4 17. Bc1 b5 18. b3 Ncb6 19. axb5 cxb5 20. g4 b4 21. f5 a4
22. f6 Bh8 23. Bd2 axb3 24. cxb3 Nxe5 25. dxe5 Qxe5 26. Rxa8 Rxa8 27. Bxb4 Ra1
28. Bc3 Rxf1+ 29. Kxf1 Qg5 30. Qf4 Qxf4+ 31. Nxf4 g5 32. Nh5 h6 33. Bd4 Nd7
34. Bb5 e5 35. Bxd7 {#r} 1-0

[Event "Hampstead U2200 Feb2014"]
[Site "Hampstead, UK"]
[Date "2014.02.16"]
[Round "4"]
[White "McCormack, Daniel"]
[Black "Baroukh, Leon"]
[Result "0-1"]
[WhiteElo "1200"]
[BlackElo "1702"]
[EventType "swiss"]
[EventRounds "5"]

1. d4 d5 2. c4 c6 3. Nc3 Bf5 4. e3 Nd7 5. cxd5 cxd5 6. Nxd5 e6 7. Qf3 Qa5+ 8.
Nc3 Bb4 9. Bd2 Rb8 10. Bb5 Ngf6 11. Nge2 Bg4 12. Bxd7+ Kxd7 13. Qf4 Bxe2 14.
Kxe2 Ke7 15. a3 Qa6+ 16. Kf3 Bd6 17. Qh4 Qd3 18. Rhd1 Qf5+ 19. Ke2 g5 20. e4
gxh4 21. exf5 exf5 22. Bg5 Ke6 23. Ke3 Ng4+ 24. Kd2 Nxf2 25. d5+ Ke5 26. Re1+
Ne4+ 27. Kd3 Rhg8 28. Nxe4 fxe4+ 29. Rxe4+ Kxd5 30. Rd4+ Ke6 31. Re1+ Be5 32.
Bf4 f6 33. Re2 Rbd8 34. Rxd8 Rxd8+ 35. Ke4 Rd4+ 36. Kf3 Rxf4+ 37. Ke3 Kf5 38.
g3 Re4+ 39. Kf3 Rxe2 40. Kxe2 hxg3 41. hxg3 Bxg3 42. Kf3 Be5 43. b4 h5 44. Kg2
Kg4 45. a4 h4 46. b5 h3+ 47. Kh1 f5 {#R} 0-1